| 000 | 00381pab a2200145 454500 | ||
|---|---|---|---|
| 008 | 180718b2002 xxu||||| |||| 00| 0 eng d | ||
| 100 | _aHoa, Tran Van | ||
| 245 | _aEconomic crisis management in Asia | ||
| 260 | _c2002 | ||
| 300 | _ap.21-38. | ||
| 650 | _aEconomic recession - Asia | ||
| 650 | _aEconomic recession | ||
| 773 | _aSocial Science Research Journal | ||
| 909 | _a58457 | ||
| 999 |
_c58457 _d58457 |
||